[Event "XIII TCh-RUS 1st League"]
[Site "Sochi RUS"]
[Date "2006.04.21"]
[Round "2"]
[White "Baklan,V"]
[Black "Smikovski,I"]
[Result "1/2-1/2"]
[WhiteElo "2606"]
[BlackElo "2549"]
[EventDate "2006.04.20"]

1. e4 e5 2. Nf3 Nf6 3. Nxe5 d6 4. Nf3 Nxe4 5. d4 d5 6. Bd3 Nc6 7. O-O Be7
8. c4 Nb4 9. Be2 O-O 10. a3 Nc6 11. cxd5 Qxd5 12. Nc3 Nxc3 13. bxc3 Na5 14.
Re1 Bd6 15. Nd2 Bd7 16. Bf3 Qf5 17. Nf1 Rae8 18. Ne3 Qf4 19. g3 Qf6 20. Kg2
Bc6 21. Bxc6 Nxc6 22. Rb1 b6 23. Qd3 Qg6 24. Rd1 Rd8 25. Nc4 Ne7 26. Qxg6
hxg6 27. a4 Nd5 28. Bd2 Rfe8 29. Re1 Bf8 30. Ne5 Ne7 31. a5 f6 32. Nd3 g5
33. Nb4 bxa5 34. Na6 Nd5 35. Ra1 Rxe1 36. Bxe1 c6 37. Rxa5 Nb6 38. Kf1 Nc4
39. Ra4 Nb6 40. Ra1 Re8 41. Bd2 Bd6 42. Be3 Nc4 43. Ke2 Kf7 44. Nb4 Bxb4
45. cxb4 Re7 46. Rc1 Nxe3 47. fxe3 Rb7 48. Rxc6 Rxb4 49. Rc7+ Kg6 50. Rxa7
Rb2+ 51. Kd3 Rxh2 52. d5 f5 53. Kd4 Rd2+ 54. Ke5 Rd3 55. d6 Rxe3+ 56. Kd4
Re1 57. d7 Rd1+ 58. Ke5 Re1+ 59. Kd6 Rd1+ 60. Kc7 Rc1+ 61. Kb8 Rd1 62. Kc8
Kh5 63. d8=Q Rxd8+ 64. Kxd8 Kg4 65. Rxg7 f4 66. gxf4 Kxf4 67. Ke7 g4 68.
Kf6 g3 69. Rg6 Kf3 70. Kg5 g2 71. Kh4 Kf2 72. Kh3 1/2-1/2

[Event "XIII TCh-RUS 1st League"]
[Site "Sochi RUS"]
[Date "2006.04.21"]
[Round "2"]
[White "Sambuev,B"]
[Black "Zontakh,A"]
[Result "1-0"]
[WhiteElo "2489"]
[BlackElo "2553"]
[EventDate "2006.04.20"]

1. Nf3 Nf6 2. c4 e6 3. g3 a6 4. Bg2 b5 5. b3 Bb7 6. O-O Be7 7. d4 O-O 8.
Nc3 Ne4 9. Bb2 d6 10. d5 Nxc3 11. Bxc3 Bf6 12. Nd4 Bxd4 13. Qxd4 e5 14. Qd2
bxc4 15. bxc4 Nd7 16. Rab1 Bc8 17. Bb4 f5 18. Rfc1 Rb8 19. Rb3 Rb6 20. c5
dxc5 21. Bxc5 Nxc5 22. Rxc5 Rxb3 23. axb3 e4 24. e3 Bb7 25. Bf1 Qd6 26. Qd4
Rd8 27. Bc4 Kf8 28. b4 Re8 29. Bb3 Re7 30. Qc4 Ke8 31. Ba4+ Kf7 32. h4 Kg6
33. Bc6 Bc8 34. Be8+ Rxe8 35. Rc6 Bb7 36. Rxd6+ cxd6 37. Qc7 Bxd5 38. Qxd6+
Be6 39. Qxa6 Kf7 40. Qb7+ Re7 41. Qc6 Rd7 42. b5 Ke7 43. Qc5+ Kf6 44. Qc3+
Kf7 45. Qe5 Rd5 46. Qb2 Rd7 47. b6 Bd5 48. Qe5 g6 49. h5 Bb7 50. h6 Re7 51.
Qd4 Ke6 52. Kh2 Rd7 53. Qc5 Rd5 54. Qf8 Rd7 55. Kh3 Rf7 56. Qg8 Kf6 57. Kh4
Rd7 58. Qf8+ Ke6 59. Kg5 Rf7 60. Qc5 Re7 61. Qc4+ Bd5 62. Qc8+ Kd6 63. Qd8+
Ke6 64. Qh8 Rf7 65. Kf4 Bb7 66. Qe5+ Kd7 67. Kg5 Re7 68. Qf6 Bd5 69. Qb2
Ke6 70. b7 Rxb7 71. Qf6+ Kd7 72. Kf4 Bc6 73. Ke5 Rb5+ 74. Kd4 Rd5+ 75. Kc4
Kc7 76. Qg7+ Rd7 77. Kc5 Bd5 78. Qe5+ Kd8 79. Qxd5 Rxd5+ 80. Kxd5 Ke7 81.
Ke5 Kf7 82. g4 fxg4 83. Kxe4 g3 84. fxg3 Ke6 85. Kf4 Kd5 86. e4+ Ke6 87. e5
Kd5 88. g4 Ke6 89. Ke4 Kd7 90. Kd5 Ke7 91. e6 Kd8 92. Kd4 Ke8 93. Ke4 Kf8
94. Kd5 Ke7 95. Ke5 Kf8 96. Kf6 Ke8 97. Kg7 1-0

[Event "XIII TCh-RUS 1st League"]
[Site "Sochi RUS"]
[Date "2006.04.21"]
[Round "2"]
[White "Chebotarev,O"]
[Black "Slizhevsky,A"]
[Result "1/2-1/2"]
[WhiteElo "2493"]
[BlackElo "2435"]
[EventDate "2006.04.20"]

1. e4 c5 2. Nf3 d6 3. d4 cxd4 4. Qxd4 Nc6 5. Bb5 Bd7 6. Bxc6 Bxc6 7. Nc3
Nf6 8. Bg5 e6 9. O-O-O Be7 10. Qd3 h6 11. Bh4 O-O 12. Nd4 Qc7 13. Bg3 Rfd8
14. f4 Rab8 15. a3 b5 16. f5 e5 17. Nxc6 Qxc6 18. Bh4 b4 19. axb4 Rxb4 20.
Bxf6 Bxf6 21. Nd5 Bg5+ 22. Kb1 Rxb2+ 23. Kxb2 Rb8+ 24. Qb3 Rxb3+ 25. cxb3
Qc5 26. Rhf1 Be3 27. b4 Bd4+ 28. Kb3 Qb5 29. f6 a5 30. fxg7 Bc5 31. Rf3
Bxb4 32. Rdf1 Bc5+ 33. Kc3 Bd4+ 34. Kd2 Qb2+ 35. Kd3 Qb3+ 36. Kd2 Qb2+ 37.
Kd3 Qb3+ 1/2-1/2

[Event "XIII TCh-RUS 1st League"]
[Site "Sochi RUS"]
[Date "2006.04.21"]
[Round "2"]
[White "Abasheev,D"]
[Black "Slugin,S"]
[Result "1-0"]
[WhiteElo "2440"]
[BlackElo "2411"]
[EventDate "2006.04.20"]

1. e4 e5 2. Nf3 Nf6 3. Nxe5 d6 4. Nf3 Nxe4 5. Nc3 Nxc3 6. dxc3 Be7 7. Be3
Nc6 8. Qd2 Be6 9. O-O-O Qd7 10. Kb1 a6 11. h3 Ne5 12. Nd4 Nc4 13. Bxc4 Bxc4
14. g4 O-O-O 15. Nf5 g6 16. Nxe7+ Qxe7 17. Bd4 Rhe8 18. Rhe1 Qd7 19. b3 Bb5
20. Qh6 Rxe1 21. Rxe1 c5 22. Bf6 Re8 23. Rxe8+ Qxe8 24. Qxh7 Bd3 25. Bg5
Be4 26. Qg7 Qe6 27. Kb2 f5 28. Bf4 fxg4 29. hxg4 Kb8 30. Bg3 Kc8 31. Bh4
Qd7 32. Qf6 Kc7 33. Bg3 b5 34. f3 Bc6 35. Qxg6 a5 36. Qg5 Kb7 37. Qf4 b4
38. cxb4 Qg7+ 39. Kb1 cxb4 40. g5 Qc3 41. Qxd6 Qxf3 42. g6 Bd5 43. Qc7+ Ka6
44. Qc8+ Kb5 45. Qd7+ Ka6 46. Qd6+ Kb7 47. Qf4 Qc3 48. Qe5 Qf3 49. g7 Qf7
50. Qb8+ Ka6 51. Qd6+ Kb7 52. Be5 Qe6 53. Qc7+ Ka6 54. Bd4 1-0

[Event "XIII TCh-RUS 1st League"]
[Site "Sochi RUS"]
[Date "2006.04.21"]
[Round "2"]
[White "Zimmerman,Y"]
[Black "Obolenskikh,D"]
[Result "1-0"]
[WhiteElo "2396"]
[BlackElo "2458"]
[EventDate "2006.04.20"]

1. d4 f5 2. g3 Nf6 3. Bg2 e6 4. Nf3 d5 5. c4 c6 6. O-O Bd6 7. Nc3 O-O 8.
Qc2 Bd7 9. Bg5 h6 10. Bxf6 Qxf6 11. Qb3 Bc8 12. cxd5 cxd5 13. Nb5 Qd8 14.
Ne5 Nc6 15. Bxd5 Nxd4 16. Nxd4 Bxe5 17. Bxe6+ Kh8 18. Bxc8 Bxd4 19. Bxb7
Rb8 20. Rad1 Bxf2+ 21. Rxf2 Qe7 22. Qf3 Rxb7 23. e4 Qc5 24. Kg2 Rbf7 25.
Rd5 Qc4 26. Rxf5 Rxf5 27. exf5 Qxa2 28. Qc6 Rf6 29. Qa8+ Kh7 30. Qe4 Qa6
31. b4 Qc6 32. Qxc6 Rxc6 33. Ra2 a6 34. Kf3 Rc4 35. Rb2 g6 36. fxg6+ Kxg6
37. Ke3 Rg4 38. Kd3 Kf5 39. Kc3 Ke5 40. Ra2 Rg6 41. Ra5+ Ke4 42. Rh5 Rc6+
43. Kb3 Kd4 44. Ka4 Kc4 45. Ka5 Rf6 46. Rh4+ Kd5 47. Rg4 Re6 48. h4 Rf6 49.
h5 Rf5 50. Kxa6 Rxh5 51. Rh4 Rg5 52. Rxh6 Rxg3 53. b5 Rb3 54. b6 Kc5 55.
Ka7 Kb5 56. b7 Ra3+ 57. Kb8 Rc3 58. Rh1 Rg3 59. Ra1 Kb6 60. Ka8 1-0

[Event "XIII TCh-RUS 1st League"]
[Site "Sochi RUS"]
[Date "2006.04.21"]
[Round "2"]
[White "Pushkarev,D"]
[Black "Gladyszev,O"]
[Result "1-0"]
[WhiteElo "2337"]
[BlackElo "2430"]
[EventDate "2006.04.20"]

1. e4 c5 2. Nf3 Nc6 3. d4 cxd4 4. Nxd4 Nf6 5. Nc3 e5 6. Ndb5 d6 7. Bg5 a6
8. Na3 b5 9. Nd5 Be7 10. Bxf6 Bxf6 11. c3 Bg5 12. Nc2 Ne7 13. h4 Bh6 14. a4
bxa4 15. Ncb4 O-O 16. Qxa4 a5 17. Bb5 Bb7 18. Nc6 Bxc6 19. Nxe7+ Qxe7 20.
Bxc6 Rab8 21. Ra2 Rfc8 22. Bd5 Rc5 23. g3 Kh8 24. O-O f5 25. b4 Rxc3 26.
bxa5 f4 27. a6 Qa7 28. Kg2 fxg3 29. Rb2 Rf8 30. fxg3 Bf4 31. Rb3 Rc2+ 32.
Kh1 Rf2 33. Rf3 Rxf1+ 34. Rxf1 Qe3 35. Qb3 Qe2 36. Qd1 Qxd1 37. Rxd1 Be3
38. Ra1 Bd4 39. Ra4 g5 40. hxg5 Ba7 41. Rc4 Bc5 42. Ra4 Ba7 43. Rb4 Rb8 44.
Rxb8+ Bxb8 45. Kg2 Kg7 46. Kf3 h5 47. gxh6+ Kxh6 48. Ke2 Kg5 49. Kd3 1-0

[Event "XIII TCh-RUS 1st League"]
[Site "Sochi RUS"]
[Date "2006.04.22"]
[Round "3"]
[White "Belozerov,A"]
[Black "Ionov,S"]
[Result "1/2-1/2"]
[WhiteElo "2538"]
[BlackElo "2519"]
[EventDate "2006.04.20"]

1. d4 Nf6 2. c4 e6 3. Nf3 b6 4. g3 Ba6 5. b3 b5 6. cxb5 Bxb5 7. Bg2 d5 8.
Nc3 Ba6 9. b4 Nbd7 10. Rb1 Bd6 11. O-O O-O 12. Bg5 h6 13. Bxf6 Nxf6 14. Ne5
Qe7 15. Nc6 Qd7 16. Qa4 Bb7 17. Na5 Rab8 18. Qxd7 Nxd7 19. a3 Ba8 20. Rfc1
Nf6 21. Rc2 Ne4 22. Nxe4 dxe4 23. Nc6 Bxc6 24. Rxc6 a5 25. Bxe4 axb4 26.
axb4 Rxb4 27. Rxb4 Bxb4 28. Rxc7 Rd8 29. e3 h5 30. Kg2 g6 31. h3 Kf8 32.
Bd3 Be7 33. Bc4 Bd6 34. Ra7 Rc8 35. Ba2 Rc7 36. Ra6 Be7 37. Bb3 Rb7 38. Ba4
Rb2 39. Ra8+ Kg7 40. Be8 Rc2 41. Rb8 Ra2 42. Bc6 Rc2 43. Be4 Rd2 44. Rb7
Kf8 45. Rc7 Rb2 46. Bc2 Bf6 47. f4 Ra2 48. g4 hxg4 49. hxg4 Ra3 50. Kf2 Be7
51. Ke2 Bb4 52. Rb7 Bd6 53. Bb3 Ra5 54. Kd3 Ke8 55. Ke4 Kf8 56. Rb6 Ke7 57.
Kf3 Ra1 58. Bc4 Rc1 59. Rb7+ Kf8 60. Rd7 Bb4 61. Bd3 Rh1 62. Kg2 Rd1 63.
Be2 Ra1 64. Rb7 Bd2 65. Rb3 Bc1 66. Rc3 Bd2 67. Rd3 Bc1 68. Kf3 Ra3 1/2-1/2

[Event "XIII TCh-RUS 1st League"]
[Site "Sochi RUS"]
[Date "2006.04.22"]
[Round "3"]
[White "Anisimov,P"]
[Black "Maslak,K"]
[Result "1/2-1/2"]
[WhiteElo "2500"]
[BlackElo "2549"]
[EventDate "2006.04.20"]

1. e4 e6 2. d4 d5 3. Nd2 dxe4 4. Nxe4 Nd7 5. Nf3 Ngf6 6. Nxf6+ Nxf6 7. c3
Be7 8. Qa4+ Bd7 9. Qb3 Bc8 10. Bb5+ c6 11. Be2 O-O 12. Bf4 Bd6 13. Ne5 Qc7
14. Bf3 Nd7 15. Nxd7 Qxd7 16. Bxd6 Qxd6 17. O-O e5 18. Rad1 1/2-1/2

[Event "XIII TCh-RUS 1st League"]
[Site "Sochi RUS"]
[Date "2006.04.22"]
[Round "3"]
[White "Kolesnikov,E"]
[Black "Sivokho,S"]
[Result "1-0"]
[WhiteElo "2381"]
[BlackElo "2469"]
[EventDate "2006.04.20"]

1. d4 Nf6 2. c4 c5 3. d5 b5 4. cxb5 a6 5. e3 axb5 6. Bxb5 Qa5+ 7. Nc3 Bb7
8. Nge2 Nxd5 9. O-O e6 10. e4 Nxc3 11. Nxc3 Be7 12. a4 O-O 13. Bf4 Bc6 14.
Ra3 Rd8 15. Rb3 d6 16. Qg4 Bxb5 17. axb5 Nd7 18. Ra3 Qc7 19. Rfa1 Rxa3 20.
Rxa3 Qb7 21. Ra6 Nb6 22. h4 Ra8 23. Bg5 Bf8 24. Qe2 c4 25. Rxa8 Qxa8 26.
Be3 Na4 27. Qxc4 Nxb2 28. Qc7 d5 29. b6 Qa5 30. exd5 exd5 31. Bf4 Nd3 32.
b7 Qa1+ 33. Kh2 Nxf2 34. b8=Q h5 35. Qxf8+ Kh7 36. Qxg7+ Kxg7 37. Be5+ Kg6
38. Qb6+ Kf5 39. Qf6+ 1-0

[Event "XIII TCh-RUS 1st League"]
[Site "Sochi RUS"]
[Date "2006.04.22"]
[Round "3"]
[White "Lanin,A"]
[Black "Yurtaev,L"]
[Result "1-0"]
[WhiteElo "2447"]
[BlackElo "2519"]
[EventDate "2006.04.20"]

1. e4 e5 2. Nf3 Nc6 3. Bb5 a6 4. Ba4 Nf6 5. O-O b5 6. Bb3 Bc5 7. c3 d6 8.
d4 Bb6 9. Re1 Bg4 10. d5 Ne7 11. a4 O-O 12. axb5 axb5 13. Rxa8 Qxa8 14. Na3
Ne8 15. h3 Bd7 16. Be3 Bxe3 17. Rxe3 Ng6 18. Nc2 Nf6 19. Nb4 Qa7 20. Qd2
Ra8 21. Kh2 Qb6 22. Re1 Nf4 23. Ng1 c5 24. dxc6 Bxc6 25. f3 Bb7 26. Rd1 Rd8
27. Ne2 Ne6 28. Ng3 g6 29. Bxe6 fxe6 30. f4 Rf8 31. fxe5 dxe5 32. Qg5 Qc7
33. Re1 Qd6 34. Qe3 Kg7 35. Nd3 h5 36. Nc5 Bc6 37. b4 h4 38. Nf1 Nh5 39.
Nd2 Nf4 40. Nf3 Ra8 41. Rf1 Rf8 42. Rf2 Rf6 43. Rd2 Qb8 44. Nxh4 Qh8 45.
Qg3 Qa8 46. Nf3 Qa1 47. Qe1 Qxe1 48. Nxe1 Kf7 49. Nf3 Ke7 50. Nxe5 Be8 51.
g3 Nh5 52. g4 Nf4 53. h4 Rf8 54. Kg3 1-0

[Event "XIII TCh-RUS 1st League"]
[Site "Sochi RUS"]
[Date "2006.04.22"]
[Round "3"]
[White "Shkurikhin,I"]
[Black "Smirnov,Arte"]
[Result "1/2-1/2"]
[WhiteElo "2279"]
[BlackElo "2392"]
[EventDate "2006.04.20"]

1. d4 Nf6 2. Nf3 e6 3. c4 b6 4. g3 Ba6 5. b3 Bb4+ 6. Bd2 c5 7. Bg2 Bb7 8.
Bxb4 cxb4 9. a3 bxa3 10. Nxa3 a6 11. O-O O-O 12. Re1 d6 13. Nb1 Qc7 14.
Nbd2 Nc6 15. Qc2 e5 16. dxe5 dxe5 17. Ng5 h6 18. Nge4 Nxe4 19. Nxe4 f5 20.
Nc3 Nb4 21. Qd2 Bxg2 22. Kxg2 Rad8 23. Nd5 Nxd5 24. cxd5 Qb7 25. Rad1 e4
26. Qd4 Rd6 27. Rd2 Re8 28. e3 Qf7 29. Ra1 a5 30. b4 Red8 31. Qc3 f4 32.
exf4 Rxd5 33. Re2 Rd3 34. Qc6 axb4 35. Qxb6 Qd5 36. Qxb4 e3+ 37. f3 Rd2 38.
Rae1 Qa2 39. Qb5 Qc2 40. Kh3 Qc8+ 41. g4 Qc2 42. f5 Kh7 43. Kg3 Qc7+ 44. f4
R2d5 45. Qb1 Rd4 46. Rf1 Rb8 47. Qe1 Rbb4 48. Kh3 Rxf4 49. Qg3 h5 50. Rxf4
Qxf4 51. Qxf4 1/2-1/2

[Event "XIII TCh-RUS 1st League"]
[Site "Sochi RUS"]
[Date "2006.04.22"]
[Round "3"]
[White "Lovkov,R"]
[Black "Barskij,V"]
[Result "1-0"]
[WhiteElo "2371"]
[BlackElo "2430"]
[EventDate "2006.04.20"]

1. e4 c5 2. Nf3 e6 3. d4 cxd4 4. Nxd4 Nf6 5. Nc3 d6 6. g4 h6 7. h3 Nc6 8.
Bg2 Bd7 9. Ndb5 Qb8 10. Be3 Be7 11. Nd4 a6 12. Qe2 b5 13. a3 O-O 14. O-O
Nxd4 15. Bxd4 e5 16. Be3 b4 17. axb4 Qxb4 18. Ra3 Rfc8 19. Rb3 Qc4 20. Qxc4
Rxc4 21. Ra1 a5 22. Rb7 Bd8 23. Bf1 Rxc3 24. bxc3 Bc6 25. Ra7 Rxa7 26. Bxa7
Nxe4 27. Bg2 g6 28. Bb8 Bb6 29. Bxe4 Bxe4 30. Bxd6 Bxc2 31. c4 Be4 32. Bxe5
Kf8 33. Re1 Bc6 34. Rb1 Ba7 35. Bd6+ Kg7 36. c5 a4 37. Re1 Kf6 38. f4 g5
39. f5 1-0

[Event "XIII TCh-RUS 1st League"]
[Site "Sochi RUS"]
[Date "2006.04.22"]
[Round "3"]
[White "Smikovski,I"]
[Black "Yudin,S"]
[Result "1/2-1/2"]
[WhiteElo "2549"]
[BlackElo "2442"]
[EventDate "2006.04.20"]

1. e4 c5 2. Nf3 e6 3. d4 cxd4 4. Nxd4 Nf6 5. Nc3 Nc6 6. Ndb5 d6 7. Bf4 e5
8. Bg5 a6 9. Na3 b5 10. Bxf6 gxf6 11. Nd5 f5 12. Bd3 Be6 13. O-O Bxd5 14.
exd5 Ne7 15. Re1 Bg7 16. c3 O-O 17. Qh5 e4 18. Bf1 Re8 19. Rad1 Rc8 20. Re3
Rc5 21. c4 bxc4 22. Rh3 h6 23. Nxc4 Rxd5 24. Rxd5 Nxd5 25. Qxf5 Nc7 26. Rg3
Re6 27. Qg4 Rg6 28. Qxe4 d5 29. Qd3 Rxg3 30. hxg3 Qf6 31. Ne3 Qxb2 32. Nf5
Qe5 33. a4 a5 34. Qb1 Bf8 35. g4 Ne6 36. Qb5 h5 37. Ne3 hxg4 38. Nxg4 Qg5
39. Ne3 Bc5 40. Qb3 Bxe3 41. fxe3 Qe5 42. Qb6 Ng5 43. Qxa5 Qxe3+ 44. Kh2
Qe5+ 45. Kg1 Qd4+ 46. Kh2 Ne4 47. Qc7 Qh8+ 48. Kg1 Qd4+ 1/2-1/2

[Event "XIII TCh-RUS 1st League"]
[Site "Sochi RUS"]
[Date "2006.04.22"]
[Round "3"]
[White "Kuligin,E"]
[Black "Sambuev,B"]
[Result "0-1"]
[WhiteElo "2334"]
[BlackElo "2489"]
[EventDate "2006.04.20"]

1. e4 e6 2. d4 d5 3. e5 c5 4. c3 Nc6 5. Nf3 Qb6 6. a3 Nh6 7. b4 cxd4 8.
cxd4 Nf5 9. Bb2 Be7 10. Bd3 a5 11. Bxf5 exf5 12. Nc3 Be6 13. b5 a4 14. O-O
Na5 15. Nxa4 Qxb5 16. Bc3 Nc4 17. Nc5 b6 18. a4 Qc6 19. Nd3 O-O 20. Bb4
Bxb4 21. Nxb4 Qd7 22. Qb3 Ra7 23. Ra2 Rfa8 24. Rfa1 h6 25. h4 Ra5 26. h5 f4
27. Nd3 Bg4 28. Nd2 f3 29. g3 Nxd2 30. Rxd2 Bxh5 31. Nf4 Bg4 32. Qxb6 Rxa4
33. Rxa4 Qxa4 34. Qb1 Qc4 35. Kh2 g5 36. Qb7 Ra1 37. Qb8+ Kg7 38. Nd3 Qxd4
39. Qd8 Ra6 0-1

[Event "XIII TCh-RUS 1st League"]
[Site "Sochi RUS"]
[Date "2006.04.22"]
[Round "3"]
[White "Slizhevsky,A"]
[Black "Pogromsky,M"]
[Result "1/2-1/2"]
[WhiteElo "2435"]
[BlackElo "2363"]
[EventDate "2006.04.20"]

1. e4 Nf6 2. e5 Nd5 3. d4 d6 4. Nf3 Bg4 5. Be2 Nc6 6. O-O Nb6 7. h3 Bxf3 8.
Bxf3 dxe5 9. dxe5 Qxd1 10. Rxd1 e6 11. b3 Rd8 12. Rxd8+ Kxd8 13. Bb2 Kc8
14. Nd2 Be7 15. Bxc6 bxc6 16. Kf1 Rd8 17. Ne4 Nd5 18. a3 h5 19. g3 g6 20.
c4 Nb6 21. Ke2 Nd7 22. Bd4 a6 23. a4 c5 24. Bb2 Kb7 25. Rd1 Kc6 26. Rd3 Rh8
27. Rf3 Rh7 28. Bc3 Bd8 29. h4 Be7 30. Bb2 Bd8 31. Ba1 Be7 32. Kd2 Bd8 33.
Kc2 Be7 34. Bc3 Bd8 35. Bb2 Be7 36. Rd3 Rh8 37. Nd2 Rh7 38. Nf3 Rh8 39. Re3
Kb7 40. Re1 Nb8 41. Bc1 Nc6 42. Bg5 Bxg5 43. Nxg5 Rd8 44. Kc3 Nb4 45. Re2
Rd3+ 46. Kb2 Rd7 47. Kc1 Nd3+ 48. Kb1 Nb4 49. Ne4 Rd1+ 50. Kb2 Kb6 51. Ng5
Rd7 52. Kc3 Rd3+ 53. Kb2 Rd7 54. Kc3 Rd3+ 55. Kb2 Rd7 56. Kc3 Rd3+ 1/2-1/2

[Event "XIII TCh-RUS 1st League"]
[Site "Sochi RUS"]
[Date "2006.04.22"]
[Round "3"]
[White "Shestakov,D"]
[Black "Abasheev,D"]
[Result "1/2-1/2"]
[WhiteElo "2262"]
[BlackElo "2440"]
[EventDate "2006.04.20"]

1. Nf3 c5 2. b3 Nf6 3. Bb2 e6 4. e3 b6 5. d4 Bb7 6. Bd3 Be7 7. O-O O-O 8.
Qe2 d6 9. c4 Nbd7 10. Nc3 Rc8 11. Rad1 Re8 12. d5 Bf8 13. dxe6 fxe6 14. Bb1
a6 15. Ng5 Qe7 16. Rd2 g6 17. Nh3 Bh6 18. f4 d5 19. Nd1 Rcd8 20. g4 Bg7 21.
Ndf2 Rf8 22. g5 Nh5 23. Ng4 Bxb2 24. Rxb2 e5 25. f5 e4 26. f6 Qe6 27. cxd5
Bxd5 28. Nf4 Nxf4 29. exf4 c4 30. Ne3 cxb3 31. axb3 Nc5 32. b4 Nd3 33. Rd2
Kh8 34. Bxd3 exd3 35. Qxd3 Bb7 36. Qxd8 Qxe3+ 37. Rff2 Qe1+ 38. Rf1 Qe3+
39. Rff2 Qe1+ 1/2-1/2

[Event "XIII TCh-RUS 1st League"]
[Site "Sochi RUS"]
[Date "2006.04.22"]
[Round "3"]
[White "Ogloblin,N"]
[Black "Pushkarev,D"]
[Result "1/2-1/2"]
[WhiteElo "2415"]
[BlackElo "2337"]
[EventDate "2006.04.20"]

1. Nf3 c5 2. c4 Nc6 3. g3 g6 4. Bg2 Bg7 5. Nc3 e5 6. a3 a5 7. O-O Nge7 8.
Ne1 d6 9. Nc2 Be6 10. d3 d5 11. cxd5 Nxd5 12. Ne4 b6 13. Ng5 Bc8 14. Ne3
Nde7 15. f4 exf4 16. Rxf4 O-O 17. Rxf7 Rxf7 18. Qb3 Qf8 19. Nd5 Nd4 20.
Nxe7+ Qxe7 21. Qxf7+ Qxf7 22. Nxf7 Rb8 23. Nh6+ Kf8 24. Bg5 Bb7 25. Rf1+
Ke8 26. Bh3 Bc8 27. Kg2 Bxh3+ 28. Kxh3 Rb7 29. Ng4 Rf7 30. Kg2 h5 31. Nf2
Kd7 32. Nd1 Rxf1 33. Kxf1 a4 34. Bd2 b5 35. Bc3 Bh6 36. e3 Nc6 37. Ke2 Ke6
38. Nf2 b4 39. Bh8 Bf8 40. Ne4 bxa3 41. bxa3 c4 42. d4 Bxa3 43. Nc3 Kf5 44.
e4+ Kg4 45. d5 Ne7 46. Nxa4 Kh3 47. Nb6 Kxh2 48. Nxc4 Bc5 49. Kf3 g5 50. g4
h4 51. d6 Nc6 52. d7 h3 53. Ne5 Nd4+ 54. Ke3 Ne6+ 55. Ke2 Kg3 56. Nf3 Kxg4
57. Be5 Kh5 58. Bg3 g4 59. Ne5 Bd6 60. Kf2 Bxe5 61. Bxe5 Kg6 62. Bc7 h2 63.
Bxh2 Kf7 64. Bd6 Nd8 65. Kg3 Ke6 66. Bc7 Kxd7 67. Bxd8 Kxd8 68. Kxg4 Ke7
69. Kf5 Kf7 70. Ke5 Ke7 1/2-1/2

[Event "XIII TCh-RUS 1st League"]
[Site "Sochi RUS"]
[Date "2006.04.22"]
[Round "3"]
[White "Lushenkov,M"]
[Black "Zimmerman,Y"]
[Result "1/2-1/2"]
[WhiteElo "2368"]
[BlackElo "2396"]
[EventDate "2006.04.20"]

1. Nf3 g6 2. g3 Bg7 3. Bg2 Nf6 4. O-O O-O 5. b3 d5 6. Bb2 c6 7. d3 Bf5 8.
Nbd2 Qc8 9. Re1 Bh3 10. e4 Bxg2 11. Kxg2 e6 12. e5 Nfd7 13. Qe2 c5 14. h4
Nc6 15. h5 d4 16. hxg6 hxg6 17. Ng5 Ncxe5 18. f4 Qc6+ 19. Kg1 f6 20. Nh3
Nf7 21. Qxe6 Qxe6 22. Rxe6 Nh6 23. Rae1 Nf5 24. Nf1 Nb6 25. Bc1 Nd5 26. Bd2
Kf7 27. R6e2 Rfe8 1/2-1/2

[Event "XIII TCh-RUS 1st League"]
[Site "Sochi RUS"]
[Date "2006.04.22"]
[Round "3"]
[White "Kovchan,A"]
[Black "Chebotarev,O"]
[Result "1/2-1/2"]
[WhiteElo "2499"]
[BlackElo "2493"]
[EventDate "2006.04.20"]

1. e4 e6 2. d4 d5 3. Nc3 Nf6 4. Bg5 dxe4 5. Nxe4 Be7 6. Bxf6 gxf6 7. Nf3 a6
8. Qe2 f5 9. Nc3 b5 10. O-O-O b4 11. Na4 Qd5 12. c4 Qa5 13. b3 Bd7 14. Nc5
Bxc5 15. dxc5 Qxc5 16. Ne5 Bc6 17. Qd2 Qe7 18. Be2 O-O 19. Qh6 Be4 20. Bh5
f6 21. Bf7+ Rxf7 22. Nxf7 Nd7 23. Qd2 Nf8 24. Nh6+ Kg7 25. Qe3 Ng6 26. Rhe1
Rd8 27. g4 Ne5 28. gxf5 Rxd1+ 29. Rxd1 Nd3+ 30. Rxd3 Bxd3 31. Qxd3 Kxh6 32.
Qe3+ Kg7 33. fxe6 f5 34. f4 c5 35. Kc2 Kf6 36. Qe5+ Kg6 37. Kd3 Qd8+ 38.
Qd5 Qe7 39. Ke3 Kf6 40. Kf2 h6 41. Qe5+ Kg6 42. Kg3 a5 43. Kh3 Qb7 44. Kg3
Qe7 45. Qd5 Kf6 46. Kf2 Kg6 47. Kg3 Kf6 48. h3 Kg6 49. Qe5 h5 50. Qe2 h4+
51. Kf2 Qd6 52. Qe3 Kf6 53. Kg2 Qc6+ 54. Kg1 Qxe6 55. Qxe6+ 1/2-1/2

[Event "XIII TCh-RUS 1st League"]
[Site "Sochi RUS"]
[Date "2006.04.22"]
[Round "3"]
[White "Zontakh,A"]
[Black "Evdokimov,Alexa"]
[Result "1-0"]
[WhiteElo "2553"]
[BlackElo "2486"]
[EventDate "2006.04.20"]

1. e4 c5 2. Nf3 d6 3. d4 cxd4 4. Nxd4 Nf6 5. Nc3 Nc6 6. Bg5 Bd7 7. Qd2 Rc8
8. Nxc6 Bxc6 9. f3 a6 10. O-O-O e6 11. Kb1 b5 12. h4 Bb7 13. Bd3 Be7 14.
Ne2 Nd7 15. Nd4 d5 16. Qe3 Bf6 17. g4 dxe4 18. Bxe4 Bxe4 19. Qxe4 O-O 20.
Nb3 Qc7 21. Bf4 Qa7 22. Be3 Qc7 23. h5 Qe5 24. Qxe5 Nxe5 25. Rhf1 Rfd8 26.
Bd4 Rd5 27. c3 Rcd8 28. Rde1 Nc4 29. Re2 Be7 30. f4 a5 31. Kc2 g5 32. hxg6
hxg6 33. Rh1 e5 34. fxe5 a4 35. Nd2 Nxd2 36. Rxd2 Bc5 37. Rdh2 Kf8 38. Rh8+
Ke7 39. Rxd8 Kxd8 40. Kd3 Rd7 41. Ke4 Be7 42. Rh8+ Kc7 43. Ra8 Bg5 44. c4
1-0

[Event "XIII TCh-RUS 1st League"]
[Site "Sochi RUS"]
[Date "2006.04.22"]
[Round "3"]
[White "Vorobiov,E"]
[Black "Baklan,V"]
[Result "1/2-1/2"]
[WhiteElo "2540"]
[BlackElo "2606"]
[EventDate "2006.04.20"]

1. e4 c5 2. Nf3 d6 3. d4 cxd4 4. Nxd4 Nf6 5. Nc3 Nc6 6. Bg5 e6 7. Qd2 a6 8.
O-O-O Bd7 9. Nxc6 Bxc6 10. Qe1 Qa5 11. f4 Be7 12. Bh4 Qc7 13. Bd3 b5 14. e5
dxe5 15. fxe5 Nd5 16. Nxd5 1/2-1/2

[Event "XIII TCh-RUS 1st League"]
[Site "Sochi RUS"]
[Date "2006.04.22"]
[Round "3"]
[White "Slugin,S"]
[Black "Tunik,G"]
[Result "0-1"]
[WhiteElo "2411"]
[BlackElo "2484"]
[EventDate "2006.04.20"]

1. e4 c5 2. Nf3 e6 3. c3 Nf6 4. e5 Nd5 5. Bc4 d6 6. d4 cxd4 7. cxd4 Nc6 8.
O-O Be7 9. Qe2 O-O 10. Qe4 Re8 11. Re1 g6 12. Na3 dxe5 13. dxe5 Na5 14. Bf1
Bd7 15. Nb5 Qb6 16. Nbd4 Rac8 17. h4 Nc6 18. h5 Nxd4 19. Nxd4 Red8 20. Rd1
Be8 21. hxg6 hxg6 22. Qg4 f5 23. exf6 Nxf6 24. Qe2 Rxc1 25. Raxc1 Rxd4 26.
Rxd4 Qxd4 27. Qxe6+ Kf8 28. Rc7 Bd7 29. Qc4 Qb6 30. Qf4 Ke8 31. Rc1 Qd6 32.
Qh6 Kf7 33. Rc3 Bf5 34. Bc4+ Ke8 35. Qh8+ Bf8 36. Re3+ Kd7 37. Re1 Kc7 38.
Qh4 Qd2 39. Rf1 Qxb2 40. Bb3 Bd6 41. Rd1 Qe5 42. Qc4+ Kb8 43. g3 Bc5 44.
Qh4 Ng4 45. Qd8+ Bc8 46. Kf1 Nxf2 47. Re1 Ne4 0-1

[Event "XIII TCh-RUS 1st League"]
[Site "Sochi RUS"]
[Date "2006.04.22"]
[Round "3"]
[White "Gladyszev,O"]
[Black "Kuznesov,A"]
[Result "1-0"]
[WhiteElo "2430"]
[BlackElo "2324"]
[EventDate "2006.04.20"]

1. Nf3 Nf6 2. c4 e6 3. Nc3 d5 4. d4 Nbd7 5. cxd5 exd5 6. Bg5 Be7 7. e3 c6
8. Qc2 Nh5 9. Bxe7 Qxe7 10. O-O-O g6 11. Bd3 Ndf6 12. h3 Ng7 13. g4 O-O 14.
Rhg1 Re8 15. Ne5 Nd7 16. Nxd7 Bxd7 17. Rg3 Rac8 18. Kb1 Ne6 19. Qd2 Qd6 20.
Bc2 Ng5 21. f4 Ne4 22. Bxe4 dxe4 23. Qg2 f5 24. gxf5 Bxf5 25. h4 c5 26.
dxc5 Qxc5 27. Rd5 Qf8 28. h5 Rc6 29. Rg5 Kh8 30. Qd2 Qf6 31. hxg6 Bxg6 32.
Rd7 Rec8 33. Rgd5 Bf7 34. Rd8+ Rxd8 35. Rxd8+ Kg7 36. Rd7 h5 37. Nxe4 Qg6
38. Qd4+ Kf8 39. Rd8+ Be8 40. Qb4+ Kg8 41. Qb3+ Kh7 42. Rd4 Kh6 43. Qd5 Bf7
44. Qg5+ Qxg5 45. Nxg5 Bg6+ 46. e4 h4 47. Nh3 Bh5 48. f5 Bg4 49. Nf2 Kg5
50. Rd7 Be2 51. b3 Kf4 52. Rh7 b5 53. Kb2 b4 54. e5 Kf3 55. f6 Kxf2 56. f7
Rc8 57. Rxh4 Bd3 58. Rxb4 Ke3 59. e6 Bg6 60. Rg4 Bxf7 61. exf7 Rf8 62. Rg7
Kd4 63. Ka3 Kc5 64. Rg5+ Kb6 65. Rf5 a6 66. Ka4 1-0

[Event "XIII TCh-RUS 1st League"]
[Site "Sochi RUS"]
[Date "2006.04.22"]
[Round "3"]
[White "Burmakin,V"]
[Black "Kosyrev,V"]
[Result "1/2-1/2"]
[WhiteElo "2541"]
[BlackElo "2546"]
[EventDate "2006.04.20"]

1. d4 e6 2. c4 Nf6 3. Nc3 d5 4. cxd5 exd5 5. Bg5 Be7 6. e3 O-O 7. Bd3 Re8
8. Nge2 Nbd7 9. O-O Nf8 10. b4 a6 11. Qb3 c6 12. a4 Ne6 13. Bh4 g6 14. b5
a5 15. bxc6 bxc6 16. Rab1 Bd7 17. Qa2 Ng7 18. Rb2 Bf5 19. Nc1 Ng4 1/2-1/2

[Event "XIII TCh-RUS 1st League"]
[Site "Sochi RUS"]
[Date "2006.04.22"]
[Round "3"]
[White "Kazhgaleyev,M"]
[Black "Goloshchapov,A"]
[Result "1/2-1/2"]
[WhiteElo "2600"]
[BlackElo "2556"]
[EventDate "2006.04.20"]

1. d4 d5 2. c4 c6 3. Nc3 Nf6 4. Nf3 e6 5. Bg5 h6 6. Bxf6 Qxf6 7. e3 Nd7 8.
Bd3 dxc4 9. Bxc4 g6 10. O-O Bg7 11. b4 O-O 12. a4 Qe7 13. Qb3 a5 14. b5 c5
15. Ne4 cxd4 16. exd4 Nb6 17. Be2 Rd8 18. Rfd1 Bd7 19. Ne5 Be8 20. Rab1
Rac8 21. g3 Rc7 22. h4 h5 23. Ng5 Rdc8 24. Ne4 Nd5 25. Nc4 b6 1/2-1/2